Statistiques concernant Les 25 noms de familles les plus courants au Québec

Cliquez ici pour prendre le quiz!

Statistiques générales

  • Ce quiz a été pris 81 fois
  • Le résultat moyen est 9 sur 25

Statistiques - réponses

Noms de famille% Correct
Tremblay
90%
Gagnon
69%
Roy
59%
Gagné
48%
Morin
44%
Côté
41%
Leblanc
41%
Bouchard
38%
Pelletier
38%
Boucher
36%
Simard
34%
Gauthier
31%
Lévesque
31%
Girard
30%
Lavoie
28%
Bélanger
26%
Bergeron
26%
Fortin
26%
Caron
25%
Cloutier
20%
Poirier
20%
Beaulieu
16%
Ouellet
16%
Dubé
15%
Paquette
10%

Distribution des résultats

Percentile par nombre de réponses

% des personnes avec chaque résultat

Votre développement - résultats

Vous n’avez pas pris ce quiz